Loading...
| Literature - British | 0 | 6 | 1 | 2 | 55 | 65 | 107.50 | 2 | 4 | 0.00 | 0.00 |
| Religion | 0 | 5 | 0 | 1 | 50 | 54 | 100.20 | 2 | 4 | 0.00 | 0.00 |
| Literature - European | 0 | 4 | 0 | 2 | 40 | 89 | 117.75 | 0 | 1 | 0.00 | 0.00 |
| Science - Biology | 0 | 4 | 1 | 0 | 35 | 10 | 50.75 | 3 | 4 | 0.00 | 0.00 |
| Mythology | 0 | 3 | 0 | 2 | 30 | 121 | 134.67 | 0 | 1 | 0.00 | 0.00 |
| Literature - World | 0 | 3 | 0 | 0 | 30 | 70 | 71.33 | 1 | 3 | 0.00 | 0.00 |
| History - World | 0 | 3 | 1 | 1 | 25 | 45 | 76.33 | 3 | 3 | 0.00 | 0.00 |
| Literature - American | 0 | 2 | 0 | 0 | 20 | 87 | 92.50 | 0 | 1 | 0.00 | 0.00 |
| Fine Arts - Painting & Sculpture | 0 | 2 | 0 | 1 | 20 | 92 | 116.50 | 0 | 1 | 0.00 | 0.00 |
| Other | 0 | 2 | 0 | 0 | 20 | 103 | 115.00 | 0 | 2 | 0.00 | 0.00 |
| Social Science | 0 | 2 | 1 | 0 | 15 | 72 | 77.00 | 1 | 2 | 0.00 | 0.00 |
| Fine Arts - Other | 0 | 2 | 1 | 1 | 15 | 72 | 101.00 | 0 | 1 | 0.00 | 0.00 |
| History - American | 0 | 1 | 0 | 0 | 10 | 83 | 83.00 | 1 | 1 | 0.00 | 0.00 |
| History - Other | 0 | 1 | 0 | 0 | 10 | 76 | 76.00 | 1 | 1 | 0.00 | 0.00 |
| Science - Chemistry | 0 | 0 | 1 | 0 | -5 | 0.00 | 0 | 0 | 0.00 | 0.00 |